Seis países mais próximos - Estados Unidos - Statistics

Estatísticas Gerais
  • Esse quiz foi jogado 162 vezes
  • A pontuação média é 4 de 6
Estatísticas das Respostas
km país % Correto
0 México
100%
0 Canadá
98%
153 Cuba
71%
4 Rússia
51%
83 Bahamas
50%
758 Jamaica
29%
Nenhum quiz correspondente encontrado
Distribuição das Pontuações
Porcentagem de Pessoas com Cada Pontuação
Percentil de Números Respondidos
Sua Pontuação Histórica
Você não jogou esse quiz